000
00273nam a22001097a 4500
008
170112b xxu||||| |||| 00| 0 eng d
020
_a
9781449624071
041
_a
eng
080
_2
2ND
_a
618.2
245
_a
EVIDENCE-BASED PRACTICE FOR NURSES
_c
SCHMIDTS, N.S
942
_2
udc
_c
BK
999
_c
2832
_d
2832